| 000 | 00476nam a22001817a 4500 | ||
|---|---|---|---|
| 003 | CEME | ||
| 005 | 20210628205925.0 | ||
| 008 | 210208b xxu||||| |||| 00| 0 eng d | ||
| 020 | _a1088-8535 | ||
| 040 | _c. | ||
| 082 | _a250 CDR'M | ||
| 100 |
_aAsme _92951 |
||
| 245 | _aApplied mechanics reviews infobase of journal literature 1989-1997 | ||
| 260 |
_aUSA _bASME _c1998 |
||
| 300 | _a1 CD-ROM | ||
| 650 |
_aMECHANICS,APPLIED REVIEWS.1989-1997 _977489 |
||
| 942 |
_cBK _2ddc |
||
| 999 |
_c582749 _d582749 |
||